000 00273nam a22001217a 4500
082 _a894.812
_bCHA/H
100 _aT.M.CHANDRAHASAN
245 _aHOLISTIC HEALTH
260 _aKODUNGALLORE
_bHOLISTIC HEALTH FOUNDATION
_c2011
300 _a91
650 _zKERALA
942 _cBK
999 _c1062
_d1062